• 首页
  • 本馆介绍
  • 公告通知
  • 最新文献
  • 馆藏检索
  • 电子资源
  • 读者导购
  • 参考咨询
  • 我的图书馆
  • 登录
  • 详细信息显示
  • 放入我的书架
  • 预约/预借图书
  • 作者相关作品
  • 分类相关作品
  • 丛书相关作品
  • 出版社相关作品

书目信息

  • 表格格式
  • 工作单格式
  • 卡片格式
题名:
小提琴读谱训练
    
 
作者: 斯塔尔 著 ;陈学东 译
分册: 第1~3册  
出版信息: 北京   人民音乐出版社  2004
页数: 138页
开本: 31cm
丛书名:
单 册:
中图分类: J622.16
科图分类:
主题词: 小提琴--奏法--教材 , 奏法 , 小提琴
电子资源:
ISBN: 7-103-02837-0
000 00961ncm0 2200277 450
001 002661819
005 20070806180139.64
010    @a7-103-02837-0@dCNY27.30
100    @a20040611d2004 em y0chiy0110 ea
101 1  @achi@ceng
102    @aCN@b110000
105    @ag z 000yy
200 1  @a小提琴读谱训练@9xiao ti qin du pu xun lian@h第1~3册@f(美)威廉·斯塔尔(William Starr)著@g陈学东译
210    @a北京@c人民音乐出版社@d2004
215    @a138页@d31cm
305    @a美国Warner Bros.出版公司授权出版
330    @a本书主要以少年儿童为指导对象,循序渐进地对基本音乐符号,延音音符,高八度的C大调音阶,小调与音阶等进行训练。
510 1  @aAdventures in Music Reading for Violin@hVolume 1-3@zeng
606 0  @a小提琴@x奏法@j教材
606 0  @a奏法
606 0  @a小提琴
690    @aJ622.16@v4
701  0 @c(美)@a斯塔尔@9si ta er@c(Starr, William)@4著
702  0 @a陈学东@9chen xue dong@4译
801  0 @aCN@bNLC@c20070806
905    @a10447@dJ622.16@e203
    
    小提琴读谱训练.第1~3册/(美)威廉·斯塔尔(William Starr)著/陈学东译.-北京:人民音乐出版社,2004
    138页;31cm
    
    
    ISBN 7-103-02837-0:CNY27.30
    本书主要以少年儿童为指导对象,循序渐进地对基本音乐符号,延音音符,高八度的C大调音阶,小调与音阶等进行训练。
●
相关链接 在E读中查询图书 在五车中查询图书 在当当中查询图书 在豆瓣中查询图书


正题名:小提琴读谱训练     索取号:J622.16/203         预约/预借

序号 登录号 条形码 馆藏地/架位号 状态 备注
1 0804916   208049164   第一样本阅览室/ [索取号:J622.16/203] 在馆    
2 0804917   208049173   第一借阅区/ [索取号:J622.16/203] 在馆    
3 0804918   208049182   第一借阅区/ [索取号:J622.16/203] 在馆    
4 0804919   208049191   第一借阅区/ [索取号:J622.16/203] 在馆    
5 0804920   208049208   音乐系资料室/ [索取号:J622.16/203] 在馆    
唐山师范学院图书馆 欢迎您!
大连网信软件有限公司© 版权所有